00696nam a2200205Ia 4500003000400000005001700004008004100021020001800062040001800080041000800098082002200106100002200128245012700150250001200277260004400289300002800333650004900361650005100410700002900461OSt20250304115122.0210716s2013 xx 000 0 und d a9788132110606 cAIMIT LIBRARY aeng a658.406 21bSING aSingh, Gagandeep. aOrganizational development and alignment: btensegrity mandala framework /cBy Gagandeep Singh and Raghu Ananthanarayanan. a1st ed. aNew Delhi :bSage Publications ;c2013. axxv,268p. ;bPBc24 cm. aExplicating the shadow on the tacit tensions aIllustrative mapping of the tensegrity Mandala aAnanthanarayanan, Raghu.